000 00451pab a2200169 454500
008 180718b2008 xxu||||| |||| 00| 0 eng d
100 _aSimonen, Jaakko
245 _aFirm innovation: the influence of R&D cooperation and the geography of human capital inputs
260 _c2008
300 _ap.146-54.
362 _aJul
650 _aLabour
700 _aMcCann, Philip
773 _aJournal of Urban Economics
908 _aN
909 _a79237
999 _c79237
_d79237